| 000 | 01572nam a22004097a 4500 | ||
|---|---|---|---|
| 003 | CHAP | ||
| 005 | 20220329143400.0 | ||
| 008 | 080206s2008 mx a r 00010 spa d | ||
| 010 | _a95767 | ||
| 011 | _a96739 | ||
| 035 | _a107395 | ||
| 040 | _cCHAP | ||
| 090 | _aTesis | ||
| 100 | 1 |
_aZaragoza Hernández, Idalia. _9123679 |
|
| 245 | 1 | 0 |
_aEvaluación de la pérdida de calidad de la madera en el secado convencional de encinos _c/por Idalia Zaragoza Herández |
| 260 |
_aChapingo, Méx. : _bEl autor, _c2008 |
||
| 300 |
_axii, 86 h. : _bilus., cuadros, gráfs. |
||
| 502 | _aTesis (Ing. en Forestal Industrial) -- UACH. División de Ciencias Forestales | ||
| 530 | _aTambién disponible en línea | ||
| 590 |
_aALEPH _b10 _c20130110 _lUCH01 _h1526 |
||
| 590 |
_aBATCH-UPD _b10 _c20130110 _lUCH01 _h0543 |
||
| 590 |
_aBATCH-UPD _b10 _c20130410 _lUCH01 _h0224 |
||
| 590 |
_aBATCH-UPD _b10 _c20130914 _lUCH01 _h1738 |
||
| 590 |
_aBATCH-UPD _b10 _c20140324 _lUCH01 _h1509 |
||
| 590 |
_aBATCH-UPD _b10 _c20141002 _lUCH01 _h0838 |
||
| 590 |
_aCONVERSION _b10 _c20130109 _lUCH01 _h1353 |
||
| 650 | 1 | 4 |
_aMadera aserrada _xSecado. _969642 |
| 650 | 1 | 4 |
_aMadera _xCostos de producción. _969598 |
| 650 | 1 | 4 |
_aMadera _xDefectos. _969600 |
| 650 | 1 | 4 |
_aMadera _xHumedad. _969610 |
| 650 | 1 | 4 |
_aQuercus (madera) _993182 |
| 856 |
_3Finding aid _uhttp://10.13.5.2/tesis/107395.pdf _zTeclea aqui |
||
| 901 | _aBK | ||
| 942 | _cFOLL | ||
| 949 |
_aTesis _bBC _cTES _d33724002082710 _eTS2 _fc.2 _gDonaciØn _h48647 _i107395 _sb |
||
| 949 |
_aTesis _bBC _cTES _d33724002082751 _eTS1 _gDonaciØn _h48646 _i107395 _sb |
||
| 999 |
_c95767 _d95767 |
||